Историки России конца XIX - начала XXI века. Т. 3: П - Я (Запись № 11837325)

Подробности
000 -МАРКЕР
контрольное поле 01409nam2a2200277 i 4500
001 - ИДЕНТИФИКАТОР ЗАПИСИ
контрольное поле RU\NLR\BIBL_A\011467580
005 - ИДЕНТИФИКАТОР ВЕРСИИ
контрольное поле 20240729075855.0
010 ## - МЕЖДУНАРОДНЫЙ СТАНДАРТНЫЙ НОМЕР КНИГИ (ISBN)
Номер (ISBN) 9785960601580
Уточнения т. 3300
021 ## - НОМЕР ГОСУДАРСТВЕННОЙ РЕГИСТРАЦИИ
Код страны российская федерация
Номер 2017-60591
Номер Листа государственной регистраци 4292
035 ## - ДРУГИЕ СИСТЕМНЫЕ НОМЕРА
Идентификатор записи (RuMoRGB)008996195
035 ## - ДРУГИЕ СИСТЕМНЫЕ НОМЕРА
Идентификатор записи (NLR Aleph) 011467580
100 ## - ДАННЫЕ ОБЩЕЙ ОБРАБОТКИ
Данные общей обработки 20170907d2017 km y0rusy50 ca
101 0# - ЯЗЫК РЕСУРСА
Язык текста, звукозаписи и т.д. русский
102 ## - СТРАНА ПУБЛИКАЦИИ ИЛИ ПРОИЗВОДСТВА
Страна публикации российская федерация
105 ## - ПОЛЕ КОДИРОВАННЫХ ДАННЫХ: ТЕКСТОВЫЕ МАТЕРИАЛЫ, МОНОГРАФИЧЕСКИЕ
Кодированные данные о монографическом текстовом документе y|||ea||000zc
200 1# - ЗАГЛАВИЕ И СВЕДЕНИЯ ОБ ОТВЕТСТВЕННОСТИ
Основное заглавие П - Я
210 ## - ПУБЛИКАЦИЯ, РАСПРОСТРАНЕНИЕ И ДР.
Дата издания, распространения и т.д. 2017
215 ## - ФИЗИЧЕСКАЯ ХАРАКТЕРИСТИКА
Специфическое обозначение материала и объем 519, [1] с.
320 ## - ПРИМЕЧАНИЯ О НАЛИЧИИ В ДОКУМЕНТЕ БИБЛИОГРАФИИ / УКАЗАТЕЛЯ
Текст примечания Библиогр. в конце слов. ст. и в подстроч. примеч.
461 #0 - УРОВЕНЬ НАБОРА
Встроенное поле 001RU\NLR\BIBL_A\011211776
-- 2001#$aИсторики России конца XIX - начала XXI века$eбиобиблиографический словарь$e[в 3 т.]$fА.А. Чернобаев$gМеждунар. ин-т мировых цивилизаций [и др.]$vТ. 3
-- 700#1$aЧернобаев$bА. А.$f1940-$gАнатолий Александрович$3RU\NLR\AUTH\7715118
Системный номер (АБИС) связанной записи 11976656
Автор Чернобаев, А. А. (1940-)
Место публикации Москва
Дата публикации 2016
Первые сведения об ответственности А.А. Чернобаев
Имя издателя, распространителя и т.д. Собрание
Сведения, относящиеся к заглавию биобиблиографический словарь : [в 3 т.]
Заглавие Историки России конца XIX - начала XXI века
ISBN 9785960601436
Номер тома Т. 3
942 ## - ДОПОЛНИТЕЛЬНЫЕ ЭЛЕМЕНТЫ ЗАПИСИ (АБИС)
Тип экземпляра АБИС Книга
980 ## - КОЛЛЕКЦИЯ
Название коллекции НБР

Нет доступных экземпляров.